|
|
|
|
| LEADER |
00000cam a2200000 7i4500 |
| 001 |
0000003132 |
| 005 |
20050216.0 |
| 020 |
0 |
0 |
|a 0195096029 ; 0195096037
|
| 090 |
0 |
0 |
|a 577.340972875
|b EGL
|
| 100 |
0 |
0 |
|a Leigh, Egbert Giles.
|
| 245 |
1 |
0 |
|a Tropical forest ecology : :
|b a view from Barro Colorado Island /
|c Egbert Giles Leigh, Jr.
|
| 260 |
0 |
0 |
|a New York : :
|b Oxford University Press, ,
|c 1999.
|
| 300 |
|
|
|a xvi, 245 p. : :
|b ill., maps ; ;
|c 29 cm.
|
| 650 |
0 |
0 |
|a Forest ecology
|z Panama
|z Barro Colorado Island.
|
| 999 |
|
|
|a 0000005592
|b Monograph
|c Open Shelf
|e Default branch
|